Jack Nicholson's Oscar Nominations - Statistics

General Stats
  • This quiz has been taken 196 times
  • The average score is 8 of 12
Answer Stats
Year of Release Category Film % Correct
1975 Leading Actor One Flew Over the Cuckoo's Nest
94%
1997 Leading Actor As Good as it Gets
93%
1983 Supporting Actor Terms of Endearment
80%
1974 Leading Actor Chinatown
76%
1969 Supporting Actor Easy Rider
74%
2002 Leading Actor About Schmidt
66%
1992 Supporting Actor A Few Good Men
63%
1970 Leading Actor Five Easy Pieces
58%
1985 Leading Actor Prizzi's Honor
47%
1981 Supporting Actor Reds
41%
1987 Leading Actor Ironweed
37%
1973 Leading Actor The Last Detail
37%
No matching quizzes found
Score Distribution
Percent of People with Each Score
Percentile by Number Answered
Your Score History
You have not taken this quiz